| 000 -LEADER |
| fixed length control field |
00571cam a22001575i 4500 |
| 020 ## - INTERNATIONAL STANDARD BOOK NUMBER |
| ISBN |
9780357618608 |
| 082 ## - DEWEY DECIMAL CLASSIFICATION NUMBER |
| Classification number |
150 |
| Item number |
H7724 2024 |
| 100 1# - MAIN ENTRY--AUTHOR NAME |
| Personal name |
Honeycutt, Alyson, author. |
| 245 10 - TITLE STATEMENT |
| Title |
Understanding human behavior : a guide for health care professionals / Alyson Honeycutt, M.A., N.C.C. |
| 250 ## - EDITION STATEMENT |
| Edition statement |
Tenth edition. |
| 260 ## - PUBLICATION, DISTRIBUTION, ETC. (IMPRINT) |
| Place of publication |
Boston, MA : |
| Name of publisher |
Cengage Learning, |
| Year of publication |
©2024. |
| 300 ## - PHYSICAL DESCRIPTION |
| Number of Pages |
1 online resource, x, 326 pages : |
| Other physical details |
color illustrations. |
| 500 ## - GENERAL NOTE |
| General note |
Includes bibliographical references and index. |
| 650 ## - SUBJECT ADDED ENTRY--TOPICAL TERM |
| Topical Term |
Psychology -- Medical aspects. |
| 942 ## - ADDED ENTRY ELEMENTS (KOHA) |
| Koha item type |
Electronic Books |